000 00331 a2200157 4500
001 62753
020 _a9788571533493
040 _cAnchieta - Pituba
100 _aRios, Maria ZoƩ
240 1 0 _aO nome do jogo
_lpor
245 1 0 _aO nome do jogo
300 _a35
362 0 _a2016
650 4 _aLiteratura juvenil
942 _cBK
999 _c62753
_d62753